<?xml version="1.0" encoding="UTF-8"?>
<record
    xmlns:xsi="http://www.w3.org/2001/XMLSchema-instance"
    xsi:schemaLocation="http://www.loc.gov/MARC21/slim http://www.loc.gov/standards/marcxml/schema/MARC21slim.xsd"
    xmlns="http://www.loc.gov/MARC21/slim">

  <leader>01757nam a2200301   4500</leader>
  <controlfield tag="003">BOFEUTO</controlfield>
  <controlfield tag="005">20260512114151.0</controlfield>
  <controlfield tag="008">260504t2023    bo a   gr     001 | spa d</controlfield>
  <datafield tag="040" ind1=" " ind2=" ">
    <subfield code="6">BOFEUTO</subfield>
    <subfield code="a">BOFEUTO</subfield>
    <subfield code="c">BOFEUTO</subfield>
  </datafield>
  <datafield tag="041" ind1=" " ind2=" ">
    <subfield code="a">spa</subfield>
  </datafield>
  <datafield tag="044" ind1=" " ind2=" ">
    <subfield code="a">bo</subfield>
  </datafield>
  <datafield tag="082" ind1=" " ind2=" ">
    <subfield code="a">TE6284</subfield>
    <subfield code="b">C683p</subfield>
  </datafield>
  <datafield tag="100" ind1=" " ind2=" ">
    <subfield code="a">Colque Churata, Victor Hugo</subfield>
    <subfield code="e">autor</subfield>
  </datafield>
  <datafield tag="245" ind1=" " ind2=" ">
    <subfield code="a">Plan de negocios para la creaci&#xF3;n de una empresa coordinadora integral de comercio exterior (FORWARDER), en la ciudad de Oruro /</subfield>
    <subfield code="c">Victor Hugo Colque Churata, Douglas Guzm&#xE1;n Guti&#xE9;rrez</subfield>
  </datafield>
  <datafield tag="260" ind1=" " ind2=" ">
    <subfield code="a">Oruro :</subfield>
    <subfield code="b">s/n,</subfield>
    <subfield code="c">2023.</subfield>
  </datafield>
  <datafield tag="300" ind1=" " ind2=" ">
    <subfield code="a">150 hojas ;</subfield>
    <subfield code="b">tabl., gr&#xE1;f. ;</subfield>
    <subfield code="c">28.5 cm.</subfield>
  </datafield>
  <datafield tag="500" ind1=" " ind2=" ">
    <subfield code="a">Incluye bibliograf&#xED;a, anexos.</subfield>
  </datafield>
  <datafield tag="502" ind1=" " ind2=" ">
    <subfield code="a">Tesis Dirigida - Plan de Negocios, (Licenciatura) -- Universidad T&#xE9;cnica de Oruro, Facultad de Ciencias Econ&#xF3;micas, Financieras y Administrativas, Carrera Administraci&#xF3;n de Empresas, 2023.</subfield>
  </datafield>
  <datafield tag="520" ind1=" " ind2=" ">
    <subfield code="a">El presente plan de negocios propone la creaci&#xF3;n de una Empresa Coordinadora Integral de Comercio Exterior (Forwarder) en la ciudad de Oruro, orientada a brindar soluciones log&#xED;sticas integrales para operaciones de importaci&#xF3;n y exportaci&#xF3;n. La iniciativa surge como respuesta a la creciente necesidad de las empresas locales y regionales - especialmente de los sectores minero, comercial, industrial y productivo - de contar con un aliado estrat&#xE9;gico que optimice tiempos, costos y procesos en la gesti&#xF3;n del comercio exterior, en un contexto de mercados cada vez m&#xE1;s competitivos y regulados.</subfield>
  </datafield>
  <datafield tag="650" ind1=" " ind2=" ">
    <subfield code="a">Administraci&#xF3;n</subfield>
  </datafield>
  <datafield tag="653" ind1=" " ind2=" ">
    <subfield code="a">Negocio</subfield>
  </datafield>
  <datafield tag="653" ind1=" " ind2=" ">
    <subfield code="a">An&#xE1;lisis de mercado</subfield>
  </datafield>
  <datafield tag="653" ind1=" " ind2=" ">
    <subfield code="a">An&#xE1;lisis FODA</subfield>
  </datafield>
  <datafield tag="653" ind1=" " ind2=" ">
    <subfield code="a">An&#xE1;lisis 5 fuerzas de Porter</subfield>
  </datafield>
  <datafield tag="700" ind1=" " ind2=" ">
    <subfield code="a">Guzm&#xE1;n Guti&#xE9;rrez, Douglas</subfield>
    <subfield code="e">tutor</subfield>
  </datafield>
  <datafield tag="942" ind1=" " ind2=" ">
    <subfield code="2">ddc</subfield>
    <subfield code="c">TE</subfield>
    <subfield code="n">0</subfield>
  </datafield>
  <datafield tag="942" ind1=" " ind2=" ">
    <subfield code="n">0</subfield>
    <subfield code="2">ddc</subfield>
  </datafield>
  <datafield tag="999" ind1=" " ind2=" ">
    <subfield code="c">16139</subfield>
    <subfield code="d">16139</subfield>
  </datafield>
  <datafield tag="952" ind1=" " ind2=" ">
    <subfield code="0">0</subfield>
    <subfield code="1">0</subfield>
    <subfield code="2">ddc</subfield>
    <subfield code="4">0</subfield>
    <subfield code="7">0</subfield>
    <subfield code="a">UTO</subfield>
    <subfield code="b">UTO</subfield>
    <subfield code="c">1</subfield>
    <subfield code="d">2026-05-04</subfield>
    <subfield code="e">Donaci&#xF3;n</subfield>
    <subfield code="i">6284</subfield>
    <subfield code="l">0</subfield>
    <subfield code="o">TE6284/C683p/2023</subfield>
    <subfield code="p">TE6284</subfield>
    <subfield code="r">2026-05-12 11:42:53</subfield>
    <subfield code="t">Ej. 1</subfield>
    <subfield code="w">2026-05-12</subfield>
    <subfield code="y">TE</subfield>
  </datafield>
</record>
